Normal view MARC view
  • Developed countries

Entry Geographic Name

Number of records used in: 1

001 - CONTROL NUMBER

  • control field: 39098

003 - CONTROL NUMBER IDENTIFIER

  • control field: OSt

005 - DATE AND TIME OF LATEST TRANSACTION

  • control field: 20160120110010.0

008 - FIXED-LENGTH DATA ELEMENTS

  • fixed length control field: 160120|| aca||aabn | a|a d

040 ## - CATALOGING SOURCE

  • Original cataloging agency: OSt

151 ## - HEADING--GEOGRAPHIC NAME

  • Geographic name: Developed countries
  • General subdivision: Social conditions
  • Chronological subdivision: 21st century